Essentials of agricultural entomology / (Record no. 4215)
[ view plain ]
| 000 -LEADER | |
|---|---|
| fixed length control field | 00698nam a22002417a 4500 |
| 001 - CONTROL NUMBER | |
| control field | BD-DhSAU 4215 |
| 003 - CONTROL NUMBER IDENTIFIER | |
| control field | BD-DhSAU |
| 005 - DATE AND TIME OF LATEST TRANSACTION | |
| control field | 20150301124140.0 |
| 008 - FIXED-LENGTH DATA ELEMENTS--GENERAL INFORMATION | |
| fixed length control field | 150215s2006 ii a||||r|||| 000 0 eng d |
| 020 ## - INTERNATIONAL STANDARD BOOK NUMBER | |
| International Standard Book Number | 8127226300 |
| 040 ## - CATALOGING SOURCE | |
| Original cataloging agency | BD-DhSAU |
| 082 ## - DEWEY DECIMAL CLASSIFICATION NUMBER | |
| Edition number | 22 |
| Classification number | 632.70941 |
| Item number | D5353 |
| 100 ## - MAIN ENTRY--PERSONAL NAME | |
| Personal name | Dhaliwal, G S |
| 245 ## - TITLE STATEMENT | |
| Title | Essentials of agricultural entomology / |
| Statement of responsibility, etc. | Dhaliwal G S...[et al]. |
| 260 ## - PUBLICATION, DISTRIBUTION, ETC. (IMPRINT) | |
| Place of publication, distribution, etc. | New Delhi : |
| Name of publisher, distributor, etc. | Kalyani Pub. , |
| Date of publication, distribution, etc. | 2006. |
| 300 ## - PHYSICAL DESCRIPTION | |
| Extent | vii, 451 p. : |
| Other physical details | ill. ; |
| Dimensions | 25 cm. |
| 500 ## - GENERAL NOTE | |
| General note | New arrival 2014 |
| 504 ## - BIBLIOGRAPHY, ETC. NOTE | |
| Bibliography, etc | Includes bibliographical references and index. |
| 590 ## - Name of Cataloguer | |
| Name of Cataloger | erfat |
| 650 ## - SUBJECT ADDED ENTRY--TOPICAL TERM | |
| Topical term or geographic name as entry element | Agricultural |
| Form subdivision | entomology. |
| 700 ## - ADDED ENTRY--PERSONAL NAME | |
| Personal name | Singh, Ram |
| 700 ## - ADDED ENTRY--PERSONAL NAME | |
| Personal name | Chhillar, B S |
| 942 ## - ADDED ENTRY ELEMENTS (KOHA) | |
| Source of classification or shelving scheme | Dewey Decimal Classification |
| Koha item type | Book |
| Withdrawn status | Lost status | Source of classification or shelving scheme | Damaged status | Not for loan | Home library | Branch Name | Shelving location | Date acquired | Total Checkouts | Full call number | Barcode | Date last seen | Price effective from | Koha item type | Collection code |
|---|---|---|---|---|---|---|---|---|---|---|---|---|---|---|---|
| Dewey Decimal Classification | SAU Library | SAU Library | General Stacks | 25/06/2014 | 632.70941 D5353 | 38612 | 15/02/2015 | 15/02/2015 | Book | ||||||
| Dewey Decimal Classification | Not For Loan | SAU Library | SAU Library | Reference | 25/06/2014 | 632.70941 D5353 | 38604 | 15/02/2015 | 15/02/2015 | Book | Reference | ||||
| Dewey Decimal Classification | SAU Library | SAU Library | General Stacks | 25/06/2014 | 632.70941 D5353 | 38605 | 15/02/2015 | 15/02/2015 | Book | ||||||
| Dewey Decimal Classification | SAU Library | SAU Library | 09/03/2015 | 632.70941 D5353 | 38613 | 09/03/2015 | 09/03/2015 | Book |
